Desnutrición infantil: fisiopatología, clínica, tratamiento y prevención: nuestra experiencia y contribución

Saved in:
Bibliographic Details
Main Author: Monckeberg Barros, Fernando (autor)
Format: Book
Language:Spanish
Published: Santiago Universidad de Chile, Instituto de Nutrición y Tecnología de los Alimentos 1988
Subjects:
Tags: Add Tag
No Tags, Be the first to tag this record!

MARC

LEADER 00000nam a2200000 a 4500
001 UCW3882
003 CL-VaPUC
008 890518e19880000CL |||||||||||||||||spa|d
082 0 4 |a 618.9239  |b MON  |2 21 
100 |a Monckeberg Barros, Fernando  |e autor  |9 562494 
245 1 0 |a Desnutrición infantil: fisiopatología, clínica, tratamiento y prevención: nuestra experiencia y contribución 
300 |a 171 p 
942 |c BK 
945 |d 19890518 00:00:00 
260 |a Santiago  |b Universidad de Chile, Instituto de Nutrición y Tecnología de los Alimentos  |c 1988 
650 7 |a DESNUTRICION INFANTIL PREVENCION  |2 CL-VaPUC  |9 308294 
651 7 |a CHILE  |2 CL-VaPUC  |9 308295 
583 |a last modification  |c 19890518 00:00:00  |k Rodrigo Vera 
999 |c 217747  |d 217745 
952 |0 0  |1 0  |4 0  |6 618_923900000000000_MON_1988  |7 0  |8 P  |9 205926  |a BIBEDU  |b BIBEDU  |c BIBEDU_PB  |d 2019-11-15  |i 2738783  |o 618.9239 MON 1988  |p 2738783  |r 2024-01-25  |w 2019-11-15  |y BK  |k EDU 
952 |0 0  |1 0  |4 0  |6 618_923900000000000_MON_1988  |7 0  |8 P  |9 205927  |a BIBEDU  |b BIBEDU  |c BIBEDU_PB  |d 2019-11-15  |i 2738791  |o 618.9239 MON 1988  |p 2738791  |r 2024-01-25  |w 2019-11-15  |y BK  |k EDU 
952 |0 0  |1 0  |4 0  |6 618_923900000000000_MON_1988  |7 0  |8 P  |9 205928  |a BIBEDU  |b BIBEDU  |c BIBEDU_PB  |d 2019-11-15  |i 2738805  |o 618.9239 MON 1988  |p 2738805  |r 2024-01-25  |w 2019-11-15  |y BK  |k EDU 
952 |0 0  |1 0  |4 0  |6 618_923900000000000_MON_1988  |7 0  |8 P  |9 205929  |a BIBEDU  |b BIBEDU  |c BIBEDU_PB  |d 2019-11-15  |i 2738813  |o 618.9239 MON 1988  |p 2738813  |r 2024-01-25  |w 2019-11-15  |y BK  |k EDU 
952 |0 0  |1 0  |4 0  |6 618_923900000000000_MON_1988  |7 0  |8 P  |9 205930  |a BIBEDU  |b BIBEDU  |c BIBEDU_PB  |d 2019-11-15  |i 2738821  |o 618.9239 MON 1988  |p 2738821  |r 2024-01-25  |w 2019-11-15  |y BK  |k EDU 
952 |0 0  |1 0  |4 0  |6 618_923900000000000_MON_1988  |7 0  |8 P  |9 205931  |a BIBEDU  |b BIBEDU  |c BIBEDU_PB  |d 2019-11-15  |i 273883K  |o 618.9239 MON 1988  |p 273883K  |r 2024-01-25  |w 2019-11-15  |y BK  |k EDU